Obec Chanovice v kresbách Jindřicha Krátkého

Hlavní autor: Krátký, Jindřich, 1932-
Další autoři: Potužáková, Jana, 1942-
Jazyk: Čeština
Vydáno: Chanovice : Obec Chanovice, 2010?
Témata:
Fyzický popis: [12] obrazových listů : čb. ; 30 x 21 cm
Grafika
Uloženo v:
LEADER 01550nkm a2200421 a 4500
001 001085619
003 CZ BrMZK
005 20100311091341.0
007 kf bo
008 100205s2010 xr nnn kncze
020 |q (Volné listy v obalu) 
040 |a BOA001  |b cze 
043 |a e-xr---  |b e-xr-pl  |2 czenas 
045 |a y0y0 
072 7 |a 74  |x Kresba. Umělecká řemesla  |2 Konspekt  |9 21 
080 |a 741/744(437.3)  |2 MRF 
080 |a 7.036/.038  |2 MRF 
080 |a 7.04  |2 MRF 
080 |a (437.317)  |2 MRF 
080 |a (0.026.6)76  |2 MRF 
100 1 |a Krátký, Jindřich,  |d 1932-  |7 jo2002105818  |4 ill 
245 1 0 |a Obec Chanovice v kresbách Jindřicha Krátkého  |h [grafika] /  |c text Jana Potužáková 
260 |a Chanovice :  |b Obec Chanovice,  |c 2010? 
300 |a [12] obrazových listů :  |b čb. ;  |c 30 x 21 cm 
500 |a Životopisná data, přehled výstav a zastoupení ve sbírkách 
500 |a Uloženo v papírovém přebalu 
600 1 7 |a Krátký, Jindřich,  |d 1932-  |7 jo2002105818  |2 czenas 
648 4 |a 2008 
650 0 7 |a česká kresba  |7 ph116857  |y 21. stol.  |2 czenas 
650 0 7 |a moderní umění  |7 ph115340  |z Česko  |2 czenas 
650 0 7 |a umělecké náměty  |7 ph138227  |2 czenas 
655 7 |a grafické listy  |7 fd132404  |2 czenas 
651 7 |a Chanovice (Česko)  |7 ge128916  |2 czenas 
700 1 |a Potužáková, Jana,  |d 1942-  |7 jn20010310455  |4 wfw 
910 2 |a BOA001  |b 4-1238.773 
990 |a GP 
991 |b 201003  |c NOV 
996 6 |b 2610412915  |c 4-1238.773  |l MZK  |r Sklad / do 1 hodiny  |n 0  |p p.v.  |w 001110635  |u 000010  |a 1  |e BOA001  |j MZK50  |s P